000 01379nam0a22002531 4500
001 rc\116828
005 20260407091323.0
035 _a(NLR Aleph) 005375359
090 _a7043700
_c7043700
100 _a20021216d1992 |||y0rusy50 ca
101 0 _arus
102 _aRU
105 _aa |||||||||
200 1 _aЛОГИКО-МЕТОДОЛОГИЧЕСКИЕ проблемы технической эксплуатации летательных аппаратов и обеспечения безопасности полетов
_eМатериалы науч. докл. науч.-практ. конф. МИИГА, провед. 25 мая 1991г.
_fМ-во трансп. Рос. Федерации. Деп. воздуш. трансп., Моск. ин-т инженеров гражд. авиации
_g[Редкол.: д. т. н., проф., заслуж. деят. науки и техники В.П. Фродов и др.]
210 _aМ.
_cМИИГА
_d1992
215 _a144 с.
_cил.
_d19
320 _aБиблиогр. в конце докл.
702 1 _aФролов
_bВ.П.
_gВиктор Петрович
_4340
712 0 2 _aМосковский институт инженеров гражданской авиации
_3RU\NLR\AUTH\8816122
_9305368
801 0 _aRU
_bNLR
_gpsbo
801 1 _aRU
_bELAR
_2rusmarc
852 _aNLR
_j93-3/1544
942 _cBOOK
980 _aNB